00228nam a22000977a 4500040000900000082001600009100001900025245002800044260003800072650002000110 cNUST a869.342 COE aCoelho, Paulo  aThe Devil and Miss Prym aNew York:bHarperCollins, c2000. aEnglish Fiction